000 00458nam a2200193Ia 4500
005 20240823051200.0
008 240823s9999||||xx |||||||||||||| ||und||
020 _a978-81-264-3408-4
041 _aMALAYALAM
082 _A158.1 Q2
100 _aRemya Roshni
245 0 _aCivil Service Pareeksha Endu? Engane?
250 _a1st
260 _c2012
_b"D C Books,Kot"
500 _aYES
650 _aSelf Help
_bGeneral
942 _cBK
999 _c218981
_d218981